Gender, society and economic life in Byzantium
Saved in:
| Main Author: | |
|---|---|
| Format: | Book |
| Language: | English |
| Published: |
Hampshire :
Variorum,
1992.
|
| Series: | Collected studies ;
CS370 |
| Subjects: | |
| Tags: |
Add Tag
No Tags, Be the first to tag this record!
|
MARC
| LEADER | 00000cam a2200000 i 4500 | ||
|---|---|---|---|
| 001 | 1/93144 | ||
| 008 | 940414s1992 enk| ||| |||| ||eng|| | ||
| 020 | |a 0860783227 | ||
| 035 | |l 10008729 | ||
| 040 | |a GR-MyUa |b gre |e AACR2 | ||
| 041 | 0 | |a eng | |
| 082 | 7 | |a 938.306 |2 (22) | |
| 100 | 1 | |a Laiou, Angeliki E. | |
| 245 | 1 | 0 | |a Gender, society and economic life in Byzantium / |c Angeliki E. Laiou. |
| 260 | |a Hampshire : |b Variorum, |c 1992. | ||
| 300 | |a 339 σ. : |b εικ. ; |c 23 εκ. | ||
| 490 | 1 | |a (Collected studies ; |v CS3700 | |
| 504 | |a Περιλαμβάνει βιβλιογραφικές παραπομπές και ευρετήριο. | ||
| 650 | 0 | |a Women |z Byzantine Empire |x Social conditions. | |
| 651 | 0 | |a Byzantine Empire |x Economic conditions. | |
| 651 | 0 | |a Byzantine Empire |x Social conditions. | |
| 830 | 0 | |a Collected studies ; |v CS370 | |
| 852 | |a INST |b LESVOS |e 19940414 |h 938.306 ΛΑΙ |p 005100003736 |q 005100003736 |t BK |y 0 | ||